Thinking like a Communist : state and legitimacy in the Soviet Union, China, and Cuba /

Bibliographic Details
Main Author: Smith, Tony, 1942-
Format: Book
Language:English
Published: New York : Norton, [1987]
Edition:1st ed.
Subjects:

MARC

Tag First Indicator Second Indicator Subfields
LEADER 00000cam a2200000 a 4500
001 in00000008652
005 20151003080015.0
008 860821s1987 nyua b 00110 eng
010 |a  86021815  
020 |z 0393024030X :  |c $16.95 
035 |a (OCoLC)14188351 
035 |9 AAA1050AM 
040 |a DLC  |c DLC  |d TXA  |d UtOrBLW 
043 |a e-ur---  |a a-cc---  |a nwcu--- 
050 0 0 |a JC474  |b .S57 1987 
082 0 |a 321.9/2  |2 19 
100 1 |a Smith, Tony,  |d 1942- 
245 1 0 |a Thinking like a Communist :  |b state and legitimacy in the Soviet Union, China, and Cuba /  |c Tony Smith. 
250 |a 1st ed. 
264 1 |a New York :  |b Norton,  |c [1987] 
264 4 |c ©1987 
300 |a 244 pages :  |b illustrations ;  |c 22 cm. 
336 |a text  |b txt  |2 rdacontent 
337 |a unmediated  |b n  |2 rdamedia 
338 |a volume  |b nc  |2 rdacarrier 
504 |a Bibliography: pages 231-239. 
500 |a Includes index. 
650 0 |a Communist state  |x Case studies. 
650 0 |a Legitimacy of governments  |x Case studies. 
650 0 |a Communism  |z Soviet Union. 
650 0 |a Communism  |z China. 
650 0 |a Communism  |z Cuba. 
999 |a MARS 
999 f f |s d80c4998-5104-3abc-93b3-c070ba78b1f4  |i 23d64d50-74c0-3d52-880b-0feab08fd9fa  |t 0 
952 f f |p ric  |a Texas A&M University  |b Rellis Campus  |c Joint Library Facility  |d Remote Storage  |t 0  |e JC474 .S57 1987  |h Library of Congress classification  |i unmediated -- volume  |m A14812630949 
998 f f |a JC474 .S57 1987  |t 0  |l Remote Storage